| 000 | 00463nam a22001817a 4500 | ||
|---|---|---|---|
| 999 |
_c532365 _d532365 |
||
| 003 | NUST | ||
| 005 | 20191118155059.0 | ||
| 008 | 191118b ||||| |||| 00| 0 eng d | ||
| 020 | _a0333346882 | ||
| 024 | _a9780333346884 | ||
| 038 | _aMSOHAIL | ||
| 082 | _a338.476240941 | ||
| 100 |
_aPatricia M. Hillebrandt _925817 |
||
| 245 | _aAnalysis of the British Construction Industry | ||
| 260 |
_aLondon _bMacmillan _cc1988 |
||
| 300 | _ap;338 | ||
| 942 |
_2ddc _cBK |
||